Statistics for Asian Capitals by Map

Click here to take the quiz!

General Stats

  • This quiz has been taken 3,155 times
  • The average score is 38 of 48

Answer Stats

Country Capital % Correct
JapanTokyo
97%
ChinaBeijing
97%
South KoreaSeoul
96%
IndiaNew Delhi
96%
TurkeyAnkara
92%
IsraelJerusalem
91%
ThailandBangkok
91%
North KoreaPyongyang
91%
IraqBaghdad
90%
IranTehran
90%
IndonesiaJakarta
90%
PhilippinesManila
90%
TaiwanTaipei
88%
PakistanIslamabad
88%
VietnamHanoi
87%
United Arab EmiratesAbu Dhabi
86%
SyriaDamascus
86%
SingaporeSingapore
86%
Saudi ArabiaRiyadh
85%
MalaysiaKuala Lumpur
85%
MongoliaUlaanbaatar
85%
AfghanistanKabul
83%
NepalKathmandu
83%
KuwaitKuwait City
80%
KazakhstanAstana
80%
LebanonBeirut
80%
JordanAmman
77%
BangladeshDhaka
77%
AzerbaijanBaku
76%
OmanMuscat
76%
YemenSana'a
75%
CyprusNicosia
75%
GeorgiaTbilisi
74%
QatarDoha
74%
CambodiaPhnom Penh
72%
ArmeniaYerevan
70%
East TimorDili
70%
MaldivesMalé
69%
UzbekistanTashkent
68%
LaosVientiane
68%
KyrgyzstanBishkek
63%
BhutanThimphu
61%
TurkmenistanAshgabat
61%
BahrainManama
59%
Sri LankaSri Jayawardenapura Kotte
58%
TajikistanDushanbe
56%
BruneiBandar Seri Begawan
53%
Myanmar Naypyidaw
53%

Score Distribution

Percentile by Number Answered

Percent of People with Each Score

Your Score History

You have not taken this quiz